000 00592nam a2200193Ia 4500
003 GCL
008 140319s9999 xx 000 0 ara d
040 _aGCL /
_cGCL
082 0 4 _a813.01
_bس ا
100 1 _aسعدالدين وهبة
245 1 0 _aارزاق , مجموعة قصصية /
_cسعدالدين وهبة
260 _a[S.N] :
_bالفجر للانتاج الفنى والثقافة ،
_c1994
300 _a107ص
490 _a
650 0 4 _aالادب العربى
650 0 4 _aالقصص العربية القصيرة
650 0 4 _aالمجموعات
942 _2ddc
_cBK
999 _c28305
_d28305